000 00770nam a2200265Ia 4500
003 OSt
005 20221006143003.0
006 a|||||r|||| 00| 0
007 ta
008 221006b |||||||| |||| 00| 0 eng d
020 _c
_9.25
024 _a7,728
037 _bGift, Japan Foundation
_cTextual
040 _aEASL
_cEASL
_beng
041 _2eng
_aeng
082 _aM31.42, L0
100 _aASHIWARA Tamako
_9648890
110 _aJapanese Cooking Companions
_9648891
245 0 _aTypical Japanese cooking
260 _aNew York
_bJapan Publications
_c1970
300 _a128p.
_ccm.
700 _aJapanese Cooking Companions
_9648892
942 _hM31.42, L0
_cTEXL
_2CC
999 _c1075814
_d1075814